[Event "Krynica op-A"]
[Site "Krynica"]
[Date "1998.??.??"]
[Round "?"]
[White "Barsegian, Ararat"]
[Black "Rumiancev, Gennadij"]
[Result "0-1"]
[WhiteElo "2330"]
[BlackElo "2380"]
[PlyCount "172"]
[EventDate "1998.??.??"]
[EventType "swiss"]
[EventRounds "11"]
[EventCountry "POL"]
[SourceTitle "EXT 2002"]
[Source "ChessBase"]
[SourceDate "2001.11.25"]
[SourceVersion "1"]
[SourceVersionDate "2001.11.25"]
[SourceQuality "1"]

1. e4 c5 2. Nf3 g6 3. d4 Bg7 4. Nc3 Qa5 5. Be3 Nf6 6. Qd2 cxd4 7. Nxd4 Nc6 8. f3 0-0 9. 0-0-0 d6 10. Bc4 Bd7 11. Bb3 Rfc8 12. Kb1 Ne5 13. Bg5 Nc4 14. Bxc4 Rxc4 15. Nb3 Qe5 16. Bf4 Qh5 17. Bg5 Rac8 18. h4 h6 19. e5 hxg5 20. hxg5 Rh4 21. Rxh4 Qxh4 22. exf6 exf6 23. Qxd6 Be6 24. Nd5 Bxd5 25. Qxd5 fxg5 26. Qxb7 Qc4 27. c3 g4 28. fxg4 Qxg4 29. Qf3 Qc4 30. Qd3 Qe6 31. Nd4 Qb6 32. Nb3 a5 33. Qd6 Qf2 34. Qd7 Rb8 35. Qd2 Qg3 36. Nd4 a4 37. Nf3 Bf6 38. Kc2 Qg4 39. Qd6 Qf5+ 40. Qd3 Qa5 41. Qc4 Qf5+ 42. Qd3 Qc5 43. Nd2 Bg7 44. Nc4 Rc8 45. b3 Qa7 46. Rb1 Qf2+ 47. Qd2 Qf5+ 48. Qd3 Qg4 49. Qf3 Qe6 50. Rd1 Qa6 51. Rd3 Rb8 52. Nb2 axb3+ 53. axb3 Qb6 54. Qd5 Bf6 55. Na4 Qf2+ 56. Rd2 Qe3 57. Qd3 Qg5 58. Qd5 Qe3 59. Qf3 Qe7 60. Qc6 Bg5 61. Qd6 Qe4+ 62. Kb2 Re8 63. Rc2 Rd8 64. Qg3 Qd5 65. Qf3 Qb5 66. Qe2 Qa5 67. Qc4 Qf5 68. b4 Rc8 69. Nc5 Rb8 70. g4 Qf3 71. Qe2 Qc6 72. Qc4 Be3 73. Re2 Bxc5 74. Re5 Qg2+ 75. Re2 Qf3 76. Rh2 Bd6 77. Rd2 Be5 78. Kb3 Qh1 79. Qd5 Qb1+ 80. Rb2 Rxb4+ 81. cxb4 Qxb2+ 82. Ka4 Kg7 83. b5 Bc3 84. Qc4 Qc2+ 85. Ka3 Bb2+ 86. Kb4 Ba3+ 0-1

[Event "Krynica op-A"]
[Site "Krynica"]
[Date "1998.??.??"]
[Round "?"]
[White "Rumiancev, Gennadij"]
[Black "Pyda, Zbigniew"]
[Result "1/2-1/2"]
[WhiteElo "2380"]
[BlackElo "2315"]
[PlyCount "104"]
[EventDate "1998.??.??"]
[EventType "swiss"]
[EventRounds "11"]
[EventCountry "POL"]
[SourceTitle "EXT 2002"]
[Source "ChessBase"]
[SourceDate "2001.11.25"]
[SourceVersion "1"]
[SourceVersionDate "2001.11.25"]
[SourceQuality "1"]

1. e4 c5 2. Nf3 Nc6 3. c3 Nf6 4. Qc2 g6 5. d4 cxd4 6. cxd4 d5 7. e5 Ne4 8. Nc3 Bg7 9. Be3 0-0 10. a3 Nxc3 11. Qxc3 Bg4 12. b4 Bxf3 13. gxf3 Bxe5 14. dxe5 d4 15. Qc5 dxe3 16. fxe3 e6 17. h4 f6 18. Rd1 Qc7 19. exf6 Rad8 20. Rxd8 Qg3+ 21. Ke2 Rxd8 22. Rh3 Qc7 23. Kf2 Rd2+ 24. Kg1 Qe5 25. Qxe5 Nxe5 26. h5 g5 27. Rg3 Kf7 28. f4 gxf4 29. exf4 Nc6 30. Rg7+ Kxf6 31. Rxh7 Nd4 32. Bg2 Ne2+ 33. Kf2 Nxf4+ 34. Ke3 Rxg2 35. Kxf4 Rf2+ 36. Ke4 Re2+ 37. Kd4 e5+ 38. Kc4 Rc2+ 39. Kd5 Rd2+ 40. Ke4 Re2+ 41. Kf3 Ra2 42. Rxb7 Rxa3+ 43. Kg4 a5 44. Rb6+ Kg7 45. b5 Ra1 46. Kg5 a4 47. Rb7+ Kg8 48. h6 a3 49. h7+ Kh8 50. Kg6 Rg1+ 51. Kh6 Rh1+ 52. Kg6 Rg1+ 1/2-1/2

[Event "Krynica op-A"]
[Site "Krynica"]
[Date "1998.??.??"]
[Round "?"]
[White "Rumiancev, Gennadij"]
[Black "Sawczuk, Czeslaw"]
[Result "1-0"]
[WhiteElo "2380"]
[BlackElo "2120"]
[PlyCount "105"]
[EventDate "1998.??.??"]
[EventType "swiss"]
[EventRounds "11"]
[EventCountry "POL"]
[SourceTitle "EXT 2002"]
[Source "ChessBase"]
[SourceDate "2001.11.25"]
[SourceVersion "1"]
[SourceVersionDate "2001.11.25"]
[SourceQuality "1"]

1. e4 c5 2. Nf3 Nc6 3. g3 g6 4. Bg2 Bg7 5. 0-0 d6 6. c3 Qb6 7. Na3 a6 8. Nc4 Qa7 9. a4 Be6 10. Ne3 Nf6 11. Ng5 Bd7 12. d3 h6 13. Nf3 0-0 14. a5 Rad8 15. Nd2 Qb8 16. Ndc4 Qc7 17. Qb3 Be6 18. Nd5 Qb8 19. h3 Nd7 20. f4 f5 21. Nce3 Kh7 22. g4 fxg4 23. hxg4 Bf7 24. Qd1 e6 25. Nb6 Nxb6 26. axb6 Rd7 27. g5 Qd8 28. gxh6 Bxh6 29. Ng4 Bg7 30. Rf3 Rh8 31. Rg3 Ne7 32. Be3 Qxb6 33. Qc2 Qc7 34. Rf1 Kg8 35. Qf2 b6 36. Nh2 d5 37. Nf3 Kf8 38. Ne5 Rd6 39. b4 c4 40. Bd4 Be8 41. f5 exf5 42. exf5 Kg8 43. Nxg6 Nxg6 44. fxg6 Bxg6 45. Bxd5+ Rxd5 46. Rxg6 Rxd4 47. cxd4 cxd3 48. Qf8+ Kh7 49. Qf5 Bxd4+ 50. Kg2 Qc2+ 51. Kg3 Qc7+ 52. Kg4 Qc8 53. Rh1# 1-0

[Event "Krynica op-A"]
[Site "Krynica"]
[Date "1998.??.??"]
[Round "?"]
[White "Socko, Bartosz"]
[Black "Rumiancev, Gennadij"]
[Result "1-0"]
[WhiteElo "2485"]
[BlackElo "2380"]
[PlyCount "99"]
[EventDate "1998.??.??"]
[EventType "swiss"]
[EventRounds "11"]
[EventCountry "POL"]
[SourceTitle "EXT 2002"]
[Source "ChessBase"]
[SourceDate "2001.11.25"]
[SourceVersion "1"]
[SourceVersionDate "2001.11.25"]
[SourceQuality "1"]

1. e4 c5 2. Nf3 g6 3. d4 Bg7 4. dxc5 Qa5+ 5. c3 Qxc5 6. Be3 Qc7 7. Bd4 Nf6 8. e5 Ng4 9. e6 f6 10. Na3 Nc6 11. Bc4 dxe6 12. 0-0 a6 13. h3 Nh6 14. b4 e5 15. Be3 Nf7 16. b5 Na5 17. Be2 0-0 18. Qa4 Bd7 19. Rfd1 Nd6 20. c4 Be8 21. Rac1 b6 22. Qb4 Nab7 23. bxa6 Nc5 24. Nb5 Qc6 25. a7 Bf7 26. a4 Ndb7 27. Nd2 f5 28. Nb3 f4 29. Bxc5 bxc5 30. Qd2 Rfd8 31. Qc2 e4 32. Rxd8+ Rxd8 33. Rd1 Nd6 34. Na5 Qa8 35. Qb3 Bd4 36. Nxd6 exd6 37. Rb1 d5 38. Qb7 Kg7 39. Nc6 Qxb7 40. Rxb7 Ra8 41. Rb8 Rxa7 42. Nxa7 dxc4 43. Nb5 c3 44. Na3 Bd5 45. a5 e3 46. fxe3 Bxe3+ 47. Kh1 Be4 48. Bd1 g5 49. a6 c4 50. Re8 1-0

[Event "Koszalin op"]
[Site "Koszalin"]
[Date "1996.??.??"]
[Round "1"]
[White "Rucinski, Grzegorz"]
[Black "Rumiancev, Gennadij"]
[Result "1-0"]
[WhiteElo "2095"]
[BlackElo "2370"]
[PlyCount "121"]
[EventDate "1996.??.??"]
[EventType "tourn"]
[EventRounds "9"]
[EventCountry "POL"]
[SourceTitle "EXT 1999"]
[Source "ChessBase"]
[SourceDate "1998.11.16"]
[SourceVersion "1"]
[SourceVersionDate "1998.11.16"]
[SourceQuality "1"]

1. e4 d5 2. exd5 Qxd5 3. Nc3 Qa5 4. d4 Nf6 5. Nf3 Nc6 6. Bb5 Nd5 7. 0-0 Nxc3 8. Bxc6+ bxc6 9. bxc3 Qxc3 10. Bd2 Qa3 11. Ne5 Bf5 12. c4 e6 13. Qh5 g6 14. Qh4 Be7 15. Bg5 h6 16. Bf6 g5 17. Qh5 Rh7 18. Bxe7 Kxe7 19. Nxc6+ Kf8 20. Rfe1 a5 21. d5 a4 22. dxe6 Bxe6 23. Rad1 Bxc4 24. Qg4 Be6 25. Qe4 Kg7 26. Nd8 Ra6 27. Qd4+ Kg8 28. Nxe6 Rxe6 29. Rxe6 fxe6 30. Qf6 Rg7 31. Qxe6+ Rf7 32. Qg6+ Kf8 33. Qxh6+ Ke8 34. Qe6+ Kf8 35. Qh6+ Ke8 36. Qxg5 Qe7 37. Qxe7+ Rxe7 38. Kf1 Rh7 39. Rd4 Rxh2 40. Rxa4 Kd7 41. f4 Kd6 42. Kf2 c5 43. Kf3 Kd5 44. Ra8 c4 45. Rd8+ Kc5 46. f5 c3 47. Rc8+ Kd4 48. a4 Rh1 49. g4 Ra1 50. Kf4 Rxa4 51. f6 Rc4 52. Rd8+ Kc5+ 53. Ke5 c2 54. f7 c1Q 55. f8Q+ Kb5 56. Rb8+ Ka4 57. Ra8+ Kb3 58. Qf3+ Kb2 59. Rb8+ Kc2 60. Qe2+ Kc3 61. Qxc4+ 1-0

[Event "RUS-ch sf"]
[Site "Arkhangelsk"]
[Date "1996.??.??"]
[Round "?"]
[White "Rumiancev, Gennadij"]
[Black "Timofeev, Vladimir F"]
[Result "0-1"]
[WhiteElo "2370"]
[BlackElo "2280"]
[PlyCount "64"]
[EventDate "1996.??.??"]
[EventType "swiss"]
[EventRounds "9"]
[EventCountry "RUS"]
[SourceTitle "EXT 2000"]
[Source "ChessBase"]
[SourceDate "1999.11.16"]
[SourceVersion "1"]
[SourceVersionDate "1999.11.16"]
[SourceQuality "1"]

1. e4 c5 2. f4 Nc6 3. Nf3 g6 4. Nc3 Bg7 5. Be2 d6 6. 0-0 e6 7. b3 Nge7 8. Bb2 0-0 9. Qe1 Nd4 10. Bd1 Nec6 11. e5 dxe5 12. Nxe5 Nxe5 13. fxe5 Qc7 14. Rf6 b6 15. Bf3 Nxf3+ 16. gxf3 Bxf6 17. Nb5 Qc6 18. exf6 Qxf3 19. Nd6 Bd7 20. Qg3 Bc6 21. Rf1 Qxg3+ 22. hxg3 Rfd8 23. Be5 Rd7 24. d3 Rad8 25. Nc4 Rd5 26. Re1 b5 27. Na5 Ba8 28. Re3 h5 29. Kh2 Kh7 30. Kh3 g5 31. Bc7 R8d7 32. Be5 Kg6 0-1

[Event "Lazne Bohdanec (Women)"]
[Site "Lazne Bohdanec"]
[Date "1995.??.??"]
[Round "?"]
[White "Dmitriev, Igor"]
[Black "Rumiancev, Gennadij"]
[Result "1-0"]
[WhiteElo "2435"]
[BlackElo "2375"]
[PlyCount "53"]
[EventDate "1995.01.??"]
[EventType "tourn"]
[EventRounds "9"]
[EventCountry "CZE"]
[SourceTitle "EXT 1997"]
[Source "ChessBase"]
[SourceDate "1996.11.15"]
[SourceVersion "1"]
[SourceVersionDate "1996.11.15"]
[SourceQuality "1"]

1. e4 d5 2. exd5 Qxd5 3. Nc3 Qa5 4. Bc4 Nf6 5. h3 Nc6 6. d3 e5 7. Bd2 Qb6 8. Nf3 a6 9. g4 Qxb2 10. g5 Nd4 11. Nxd4 exd4 12. Qe2+ Kd8 13. Rb1 Qa3 14. gxf6 dxc3 15. Bg5 g6 16. Bxf7 Bd7 17. Rxb7 Bd6 18. 0-0 h6 19. Rfb1 Kc8 20. Qe4 Qc5 21. Be3 Qe5 22. Rxc7+ Kxc7 23. Qb7+ Kd8 24. Bb6+ Bc7 25. Bxc7+ Qxc7 26. Qxa8+ Bc8 27. Be6 1-0

[Event "Lazne Bohdanec (Women)"]
[Site "Lazne Bohdanec"]
[Date "1995.??.??"]
[Round "?"]
[White "Krupkova, Petra"]
[Black "Rumiancev, Gennadij"]
[Result "0-1"]
[WhiteElo "2195"]
[BlackElo "2375"]
[PlyCount "66"]
[EventDate "1995.01.??"]
[EventType "tourn"]
[EventRounds "9"]
[EventCountry "CZE"]
[SourceTitle "EXT 1997"]
[Source "ChessBase"]
[SourceDate "1996.11.15"]
[SourceVersion "1"]
[SourceVersionDate "1996.11.15"]
[SourceQuality "1"]

1. d4 c5 2. d5 e5 3. e4 d6 4. Bb5+ Nd7 5. a4 a6 6. Bxd7+ Bxd7 7. Nc3 b5 8. axb5 axb5 9. Rxa8 Qxa8 10. Be3 f5 11. exf5 Nf6 12. Bg5 b4 13. Bxf6 gxf6 14. Ne4 Bxf5 15. Nxf6+ Ke7 16. Ng4 Be4 17. Ne3 Bh6 18. Qg4 Qa1+ 19. Ke2 Qa6+ 20. Kd2 Rf8 21. Qe6+ Kd8 22. Nh3 Bxe3+ 23. fxe3 c4 24. Rc1 Bxg2 25. c3 Qb6 26. Qh6 Rf5 27. Qh4+ Ke8 28. e4 Rf7 29. Ng1 bxc3+ 30. bxc3 Rf2+ 31. Kd1 Qe3 32. Qh5+ Kf8 33. Ne2 Qd3+ 0-1

[Event "Hradec Kralove op"]
[Site "Hradec Kralove"]
[Date "1995.??.??"]
[Round "8"]
[White "Kucera, Petr"]
[Black "Rumiancev, Gennadij"]
[Result "1-0"]
[WhiteElo "2305"]
[BlackElo "2375"]
[PlyCount "23"]
[EventDate "1995.??.??"]
[EventType "swiss"]
[EventRounds "9"]
[EventCountry "CZE"]
[SourceTitle "EXT 2001"]
[Source "ChessBase"]
[SourceDate "2000.11.22"]
[SourceVersion "1"]
[SourceVersionDate "2000.11.22"]
[SourceQuality "1"]

1. e4 c5 2. Nf3 g6 3. d4 Bg7 4. c3 Qc7 5. Na3 cxd4 6. cxd4 a6 7. Be3 Nc6 8. Rc1 Qa5+ 9. Bd2 Qd8 10. d5 Bxb2 11. dxc6 Bxa3 12. c7 1-0

[Event "Hradec Kralove op"]
[Site "Hradec Kralove"]
[Date "1995.??.??"]
[Round "9"]
[White "Nemec, Pavel"]
[Black "Rumiancev, Gennadij"]
[Result "1/2-1/2"]
[WhiteElo "2245"]
[BlackElo "2375"]
[PlyCount "132"]
[EventDate "1995.??.??"]
[EventType "swiss"]
[EventRounds "9"]
[EventCountry "CZE"]
[SourceTitle "EXT 2001"]
[Source "ChessBase"]
[SourceDate "2000.11.22"]
[SourceVersion "1"]
[SourceVersionDate "2000.11.22"]
[SourceQuality "1"]

1. e4 c5 2. Nf3 a6 3. c4 Nc6 4. d4 cxd4 5. Nxd4 e6 6. Nc3 d6 7. Be2 Bd7 8. Be3 Rc8 9. Rc1 Be7 10. 0-0 Nf6 11. Kh1 0-0 12. b3 Nxd4 13. Qxd4 Bc6 14. Rfd1 Qa5 15. f3 b5 16. Qb6 Qxb6 17. Bxb6 b4 18. Na4 Ne8 19. Ba5 Rb8 20. Nb2 f5 21. Nd3 fxe4 22. Nxb4 Bb7 23. fxe4 Bxe4 24. Rf1 Nf6 25. Bf3 Rfc8 26. Rfe1 Bxf3 27. gxf3 Kf7 28. Nd3 Nd7 29. Bb4 Rb6 30. Ba3 Bf6 31. Rcd1 a5 32. Nf4 Be5 33. Nxe6 Kxe6 34. f4 a4 35. fxe5 dxe5 36. Re3 axb3 37. axb3 Ra6 38. Bb2 Ra2 39. Bxe5 Nxe5 40. Rd5 Rb2 41. Rexe5+ Kf6 42. Rf5+ Kg6 43. Rg5+ Kf6 44. Rdf5+ Ke6 45. Rf3 g6 46. Re3+ Kf6 47. Rg2 Rb1+ 48. Rg1 Rb2 49. Rf1+ Kg5 50. Rg3+ Kh6 51. Kg1 Rb8 52. Rff3 g5 53. c5 Kg6 54. h4 h6 55. hxg5 hxg5 56. c6 Ra8 57. Rg2 Ra1+ 58. Rf1 Rxf1+ 59. Kxf1 Rxb3 60. Rc2 Rb8 61. c7 Rc8 62. Kf2 Kf6 63. Kg3 Ke6 64. Kg4 Kd7 65. Kxg5 Rxc7 66. Rxc7+ Kxc7 1/2-1/2

[Event "Polanica Zdroj op"]
[Site "Polanica Zdroj"]
[Date "1995.??.??"]
[Round "8"]
[White "Pinski, Jan"]
[Black "Rumiancev, Gennadij"]
[Result "0-1"]
[WhiteElo "2270"]
[BlackElo "2380"]
[PlyCount "76"]
[EventDate "1995.08.??"]
[EventType "swiss"]
[EventRounds "10"]
[EventCountry "POL"]
[SourceTitle "EXT 1997"]
[Source "ChessBase"]
[SourceDate "1996.11.15"]
[SourceVersion "1"]
[SourceVersionDate "1996.11.15"]
[SourceQuality "1"]

1. e4 d5 2. exd5 Qxd5 3. Nc3 Qa5 4. d4 Nf6 5. Nf3 Nc6 6. Bd2 a6 7. Bc4 Qh5 8. Bf4 Bg4 9. Bxc7 Rc8 10. Bb6 e6 11. a3 Nd7 12. Bc5 Bxf3 13. Qxf3 Qxf3 14. gxf3 Bxc5 15. dxc5 Nxc5 16. 0-0-0 Ne5 17. Be2 Ng6 18. Rhg1 Ke7 19. f4 Nxf4 20. Bf3 Rc7 21. Rde1 Kf6 22. Re3 Rhc8 23. Kb1 g6 24. Rg4 e5 25. b4 Nce6 26. Kb2 Nd4 27. Bd1 Nf5 28. Ne4+ Ke7 29. Re1 Ne6 30. Rgg1 Nfd4 31. c3 Nb5 32. Bb3 Nf4 33. Rg3 f5 34. Nc5 Kf6 35. a4 Nd6 36. Nd3 Ne4 37. Rf3 Rxc3 38. Nxe5 Rxf3 0-1

[Event "Polanica Zdroj op"]
[Site "Polanica Zdroj"]
[Date "1994.??.??"]
[Round "?"]
[White "Klykow, Lukasz"]
[Black "Rumiancev, Gennadij"]
[Result "0-1"]
[WhiteElo "2220"]
[BlackElo "2365"]
[PlyCount "94"]
[EventDate "1994.??.??"]
[EventType "swiss"]
[EventRounds "10"]
[EventCountry "POL"]
[SourceTitle "EXT 1998"]
[Source "ChessBase"]
[SourceDate "1997.11.17"]
[SourceVersion "1"]
[SourceVersionDate "1997.11.17"]
[SourceQuality "1"]

1. e4 d5 2. exd5 Qxd5 3. Nc3 Qa5 4. d4 Nf6 5. Nf3 Nc6 6. Bb5 Nd5 7. Bd2 Nxc3 8. Bxc6+ bxc6 9. Bxc3 Qd5 10. 0-0 Bg4 11. b3 e6 12. Bb2 Be7 13. c4 Bxf3 14. Qxf3 Qxf3 15. gxf3 0-0-0 16. Rad1 Rd7 17. Rd3 Rhd8 18. Rfd1 Bf6 19. b4 a5 20. bxa5 c5 21. Rb3 Rd6 22. d5 exd5 23. Bxf6 dxc4 24. Rxd6 Rxd6 25. Rc3 Rxf6 26. Rxc4 Rc6 27. Kf1 Kb7 28. Rf4 f6 29. Re4 h5 30. Re7 g6 31. Ke2 Rd6 32. Re4 Ka6 33. Re7 c6 34. Re8 Kxa5 35. Rb8 c4 36. Rb1 Ka4 37. Ke3 c5 38. Rb8 Ka3 39. Rb5 Rd5 40. f4 f5 41. Rb6 Kxa2 42. Ra6+ Kb2 43. Rb6+ Kc1 44. Rxg6 c3 45. Rb6 c2 46. Ke2 Rd2+ 47. Ke1 Rd4 0-1

[Event "Zabrzanski Wrzesien op"]
[Site "Zabrzanski Wrzesien"]
[Date "1994.??.??"]
[Round "?"]
[White "Lubosik, K."]
[Black "Rumiancev, Gennadij"]
[Result "1/2-1/2"]
[WhiteElo "2205"]
[BlackElo "2320"]
[PlyCount "120"]
[EventDate "1994.??.??"]
[EventType "swiss"]
[EventRounds "9"]
[EventCountry "POL"]
[SourceTitle "EXT 1999"]
[Source "ChessBase"]
[SourceDate "1998.11.16"]
[SourceVersion "1"]
[SourceVersionDate "1998.11.16"]
[SourceQuality "1"]

1. d4 c5 2. c3 cxd4 3. cxd4 d5 4. Bf4 Nf6 5. Nf3 Nc6 6. e3 Bf5 7. Qb3 Qb6 8. Qxb6 axb6 9. Bb5 Bd7 10. Nc3 e6 11. 0-0 Be7 12. Bc7 Bd8 13. Bd6 Be7 14. Bc7 Bd8 15. Bd6 Be7 16. Bc7 Na7 17. a4 Nc8 18. Ne5 Bd6 19. Bxd7+ Nxd7 20. Nb5 Bxe5 21. Bxe5 0-0 22. Rfc1 Nxe5 23. dxe5 Na7 24. Nxa7 Rxa7 25. Rc7 Rd8 26. b3 Kf8 27. Rac1 h5 28. Kf1 g5 29. Ke2 Ke8 30. Kd3 h4 31. Ke2 d4 32. Rd1 dxe3 33. Rxd8+ Kxd8 34. Rxf7 exf2 35. Kxf2 Kc8 36. Rg7 b5 37. axb5 Ra5 38. Rxg5 Rxb5 39. Rg4 h3 40. b4 Rxe5 41. Rc4+ Kd7 42. g4 b5 43. Rd4+ Ke7 44. Rf4 Rd5 45. Kg3 e5 46. Rf3 Rd4 47. Rb3 Kf6 48. Kxh3 e4 49. Kh4 Rd3 50. Rb1 e3 51. Re1 Ke5 52. g5 Kf4 53. Rf1+ Ke4 54. Rf7 e2 55. Re7+ Kf3 56. Rxe2 Kxe2 57. g6 Rd1 58. Kg5 Kd3 59. g7 Kd4 60. Kf6 Rf1+ 1/2-1/2

[Event "Zabrzanski Wrzesien op"]
[Site "Zabrzanski Wrzesien"]
[Date "1994.??.??"]
[Round "?"]
[White "Rumiancev, Gennadij"]
[Black "Bartosik, Piotr"]
[Result "1-0"]
[WhiteElo "2320"]
[BlackElo "2225"]
[PlyCount "63"]
[EventDate "1994.??.??"]
[EventType "swiss"]
[EventRounds "9"]
[EventCountry "POL"]
[SourceTitle "EXT 1999"]
[Source "ChessBase"]
[SourceDate "1998.11.16"]
[SourceVersion "1"]
[SourceVersionDate "1998.11.16"]
[SourceQuality "1"]

1. e4 c5 2. c4 Nc6 3. Nc3 g6 4. g3 Bg7 5. Bg2 e6 6. Nge2 Nge7 7. 0-0 0-0 8. d3 b6 9. Rb1 Bb7 10. a3 d6 11. b4 Nd4 12. Be3 f5 13. f4 Qd7 14. h3 Rae8 15. g4 Ba8 16. Ng3 e5 17. gxf5 exf4 18. Bxf4 gxf5 19. bxc5 dxc5 20. Nd5 fxe4 21. dxe4 Ng6 22. Bg5 Bxd5 23. cxd5 Ne5 24. Qh5 Nc4 25. Rxf8+ Rxf8 26. Rf1 Nxa3 27. Rxf8+ Kxf8 28. Qh4 Nc4 29. Qf4+ Kg8 30. Qb8+ Kf7 31. Bf4 Ne3 32. Bxe3 1-0

[Event "Polanica Zdroj op"]
[Site "Polanica Zdroj"]
[Date "1994.??.??"]
[Round "?"]
[White "Rumiancev, Gennadij"]
[Black "Bobras, Piotr"]
[Result "1-0"]
[WhiteElo "2365"]
[BlackElo "2215"]
[PlyCount "77"]
[EventDate "1994.??.??"]
[EventType "swiss"]
[EventRounds "10"]
[EventCountry "POL"]
[SourceTitle "EXT 1998"]
[Source "ChessBase"]
[SourceDate "1997.11.17"]
[SourceVersion "1"]
[SourceVersionDate "1997.11.17"]
[SourceQuality "1"]

1. e4 d5 2. exd5 Qxd5 3. Nc3 Qa5 4. d4 Nf6 5. Bc4 Nc6 6. d5 Nb4 7. Bd2 Qc5 8. Bb5+ Bd7 9. Bxd7+ Kxd7 10. Be3 Qc4 11. Nf3 Ke8 12. Ne5 Qa6 13. Bc5 e6 14. Bxf8 Kxf8 15. dxe6 Qxe6 16. f4 Nfd5 17. Nxd5 Nxd5 18. Qd4 f6 19. 0-0-0 Nb6 20. Nd3 Qxa2 21. Qc5+ Kg8 22. b3 c6 23. Kd2 Qa6 24. c4 Qa2+ 25. Kc3 Nd7 26. Qe7 Qa5+ 27. b4 Qa3+ 28. Kc2 Qa4+ 29. Kb2 c5 30. Ra1 Qc6 31. b5 Qc8 32. Qe6+ Kf8 33. Rhe1 Nb6 34. Qd6+ Kf7 35. Re7+ Kg6 36. f5+ Qxf5 37. Qg3+ Qg5 38. Nf4+ Kf5 39. Qd3+ 1-0

[Event "Polanica Zdroj op"]
[Site "Polanica Zdroj"]
[Date "1994.??.??"]
[Round "?"]
[White "Vager, Boris"]
[Black "Rumiancev, Gennadij"]
[Result "0-1"]
[WhiteElo "2290"]
[BlackElo "2365"]
[PlyCount "64"]
[EventDate "1994.??.??"]
[EventType "swiss"]
[EventRounds "10"]
[EventCountry "POL"]
[SourceTitle "EXT 1998"]
[Source "ChessBase"]
[SourceDate "1997.11.17"]
[SourceVersion "1"]
[SourceVersionDate "1997.11.17"]
[SourceQuality "1"]

1. d4 c5 2. c3 cxd4 3. cxd4 d5 4. Nf3 Nf6 5. Nc3 Nc6 6. g3 Bf5 7. Bg2 e6 8. 0-0 Be7 9. Qb3 Qb6 10. Qxb6 axb6 11. Bf4 Ne4 12. Nb5 Ra5 13. a4 g5 14. Bd2 Nxd2 15. Nxd2 Bc2 16. b3 Kd7 17. Ra2 Nb4 18. Rb2 g4 19. Rc1 Rc8 20. Bf1 Bg5 21. e3 Be7 22. Nb1 Rc6 23. N5c3 Bd3 24. Rd1 Bxf1 25. Kxf1 f6 26. Nb5 e5 27. dxe5 fxe5 28. N1c3 Ke6 29. Rbd2 Rc5 30. Kg2 Bf6 31. Na2 Nxa2 32. Rxa2 Rcxb5 0-1

[Event "Alushta op"]
[Site "Alushta"]
[Date "1993.??.??"]
[Round "?"]
[White "Rumiancev, Gennadij"]
[Black "Berkovich, Dmitry"]
[Result "0-1"]
[WhiteElo "2260"]
[BlackElo "2465"]
[PlyCount "86"]
[EventDate "1993.05.??"]
[EventType "swiss"]
[EventRounds "9"]
[EventCountry "UKR"]
[SourceTitle "TD"]
[Source "ChessBase"]
[SourceDate "1994.03.01"]
[SourceVersion "1"]
[SourceVersionDate "1994.03.01"]
[SourceQuality "1"]

1. d4 Nf6 2. Bg5 Ne4 3. Bh4 g5 4. f3 gxh4 5. fxe4 Bh6 6. Nf3 e6 7. Nc3 d6 8. Qd3 a6 9. e3 Nd7 10. 0-0-0 b5 11. g3 Bb7 12. Nxh4 Nf6 13. Qe2 b4 14. Nb1 Nxe4 15. Bg2 Qg5 16. Rhe1 Bd5 17. Bf3 0-0 18. Qg2 f5 19. Nd2 Nf6 20. Kb1 a5 21. e4 fxe4 22. Nxe4 Nxe4 23. Bxe4 Bg7 24. Qh3 Rf6 25. Nf3 Qh6 26. Qg4 Bxe4 27. Rxe4 Rg6 28. Qh4 Rf8 29. Qxh6 Bxh6 30. Nh4 Rgf6 31. Re2 Rf1 32. Ree1 Rxe1 33. Rxe1 Bd2 34. Rd1 a4 35. a3 b3 36. cxb3 axb3 37. Ng2 e5 38. dxe5 dxe5 39. a4 Rf2 40. Rg1 c5 41. a5 c4 42. a6 c3 43. Ne1 Bxe1 0-1

[Event "Alushta op"]
[Site "Alushta"]
[Date "1993.??.??"]
[Round "?"]
[White "Rumiancev, Gennadij"]
[Black "Maljutin, Evgeni"]
[Result "0-1"]
[WhiteElo "2260"]
[BlackElo "2505"]
[PlyCount "100"]
[EventDate "1993.05.??"]
[EventType "swiss"]
[EventRounds "9"]
[EventCountry "UKR"]
[SourceTitle "TD"]
[Source "ChessBase"]
[SourceDate "1994.03.01"]
[SourceVersion "1"]
[SourceVersionDate "1994.03.01"]
[SourceQuality "1"]

1. Nf3 d5 2. c4 d4 3. e4 Nc6 4. d3 e5 5. a3 a5 6. Be2 Be7 7. 0-0 Nf6 8. b3 0-0 9. Ne1 Nd7 10. Nd2 Nc5 11. Bg4 Bxg4 12. Qxg4 Bg5 13. Rb1 Qe7 14. g3 Ne6 15. f4 exf4 16. gxf4 h5 17. Qxh5 Nxf4 18. Qd1 Ne5 19. Ndf3 Ra6 20. Kh1 Bh6 21. Nxd4 Nexd3 22. Nxd3 Qxe4+ 23. Rf3 Ne6 24. Nf5 Bxc1 25. Ng3 Qc6 26. Rxc1 Rd8 27. Qf1 f6 28. Qg2 Rxd3 29. Rxd3 Qxg2+ 30. Kxg2 Nf4+ 31. Kf3 Nxd3 32. Rd1 Ne5+ 33. Ke4 Rb6 34. Rd8+ Kh7 35. Rc8 Rc6 36. Nf5 a4 37. bxa4 Rxc4+ 38. Kd5 Kg6 39. Ng3 c6+ 40. Ke6 Nf3 41. Rc7 Rxa4 42. Rxb7 Rxa3 43. Rb2 Re3+ 44. Kd6 Nxh2 45. Rg2 Ng4 46. Kxc6 f5 47. Kd5 Kg5 48. Kd4 Re7 49. Kd3 Kf4 50. Rg1 Re3+ 0-1